000 00849nam a22003017a 4500
003 CHAP
005 20220329143523.0
008 100329s1983 mx r 00010 spa d
010 _a97916
011 _a98888
020 _a9684450648
035 _a109573
040 _cCHAP
082 1 4 _a615.53508
_bL58
100 1 _aLewis, Alan
_966499
245 1 3 _aEl selenio
_c/por Alan Lewis
260 _aMéxico, D.F. :
_bEDAF,
_c1983
300 _a103 p.
534 _pTít. original :
_tSelenium
590 _aBATCH-UPD
_b10
_c20130110
_lUCH01
_h1341
590 _aCONVERSION
_b10
_c20130109
_lUCH01
_h1354
650 1 4 _aSelenio en plantas.
_9103794
650 1 4 _aSelenio.
_9103791
650 1 4 _aSuelos
_xSelenio en.
_9110479
901 _aBK
942 _cLIBRO
949 _a615.53508 L58
_bBC
_cLIBRO
_d33724002163504
_eLIBRO
_gI.c/e
_h112150
_i109573
_sb
999 _c97916
_d97916